Методы электрических испытаний. Условия окружающей среды при нормализации, кондиционировании и испытании: Материалы электроизоляционные твердые; ГОСТ 6433.1-71 Материалы электроизоляционные твердые. Условия окружающей среды при нормализации, кондиционировании и испытании; ГОСТ 6433.2-71 Материалы электроизоляционные твердые. Методы определения электрических сопротивлений при постоянном напряжении; ГОСТ 6433.3-71 Материалы электроизоляционные твердые. Методы определения электрической прочности при переменном (частоты 50 Гц) и постоянном напряжении; ГОСТ 6433.4-71 Материалы электроизоляционные твердые. Методы определения тангенса угла диэлектрических потерь и диэлектрической проиницаемости при частоте 50 Гц

ग्रंथसूची विवरण
निगमित लेखक: СССР Государственный комитет по стандартам (Госстандарт)
भाषा:रूसी
प्रकाशित: Москва, Изд-во стандартов, 1983
संस्करण:Изд. офиц.
TOC:ГОСТ 6433.1-71 Материалы электроизоляционные твердые. Условия окружающей среды при нормализации, кондиционировании и испытании;
ГОСТ 6433.2-71 Материалы электроизоляционные твердые. Методы определения электрических сопротивлений при постоянном напряжении;
ГОСТ 6433.3-71 Материалы электроизоляционные твердые. Методы определения электрической прочности при переменном (частоты 50 Гц) и постоянном напряжении;
ГОСТ 6433.4-71 Материалы электроизоляционные твердые. Методы определения тангенса угла диэлектрических потерь и диэлектрической проиницаемости при частоте 50 Гц;
श्रृंखला:Государственные стандарты
विषय:
स्वरूप: पुस्तक
KOHA link:https://koha.lib.tpu.ru/cgi-bin/koha/opac-detail.pl?biblionumber=152632

MARC

LEADER 00000nam0a2200000 4500
001 152632
005 20231031151109.0
035 |a (RuTPU)RU\TPU\book\165488 
035 |a RU\TPU\book\165485 
090 |a 152632 
100 |a 20090203d1983 km y0rusy50 ca 
101 0 |a rus 
102 |a RU 
105 |a a l 000zy 
200 1 |a Методы электрических испытаний. Условия окружающей среды при нормализации, кондиционировании и испытании  |e Материалы электроизоляционные твердые 
205 |a Изд. офиц. 
210 |a Москва  |c Изд-во стандартов  |d 1983 
215 |a 64 с.  |c ил. 
225 1 |a Государственные стандарты 
464 |t ГОСТ 6433.1-71 Материалы электроизоляционные твердые. Условия окружающей среды при нормализации, кондиционировании и испытании 
464 |t ГОСТ 6433.2-71 Материалы электроизоляционные твердые. Методы определения электрических сопротивлений при постоянном напряжении 
464 |t ГОСТ 6433.3-71 Материалы электроизоляционные твердые. Методы определения электрической прочности при переменном (частоты 50 Гц) и постоянном напряжении 
464 |t ГОСТ 6433.4-71 Материалы электроизоляционные твердые. Методы определения тангенса угла диэлектрических потерь и диэлектрической проиницаемости при частоте 50 Гц 
610 1 |a ГОСТы 
610 1 |a стандарты 
610 1 |a электроизоляционные материалы 
610 1 |a электрические испытания 
610 1 |a твердые материалы 
610 1 |a методы определения 
610 1 |a электроды 
610 1 |a требования 
712 0 1 |a СССР  |b Государственный комитет по стандартам (Госстандарт)  |c (1978-1989)  |2 stltpush  |3 (RuTPU)RU\TPU\col\12454 
801 1 |a RU  |b 63413507  |c 20021204  |g PSBO 
801 2 |a RU  |b 63413507  |c 20221208  |g PSBO 
942 |c BK